World Capitals Closest to N'Djamena - Statistics

General Stats
  • This quiz has been taken 36 times
  • The average score is 13 of 20
Answer Stats
Kilometers Capitals Miles % Correct
894 Abuja 555
91%
1924 Khartoum 1196
79%
1413 Niamey 878
79%
1828 Kinshasa 1136
76%
2319 Tripoli 1441
76%
997 Yaoundé 620
76%
1822 Brazzaville 1132
73%
1989 Juba 1236
73%
1830 Accra 1137
70%
944 Bangui 587
70%
2277 Kigali 1415
67%
2335 Kampala 1451
64%
1444 Libreville 897
64%
1658 Lomé 1030
61%
1801 Ouagadougou 1119
61%
1502 Porto-Novo 933
61%
1600 São Tomé 994
58%
2307 Yamoussoukro 1433
45%
1159 Malabo 720
42%
1530 Cotonou 951
15%
No matching quizzes found
Score Distribution
Percent of People with Each Score
Percentile by Number Answered
Your Score History
You have not taken this quiz